005390000a22001330004500090001700000245014200017041001400159700002400173700004200197100003000239942001300269773010600282999001700388 aASbSeriadas10aEstimación del factor de retención de la red bolichera empleada en pesqueria en la Ciénaga Grande de Santa Marta, Caribe colombiano0 aEspañol1 aMendo, Jaime9991871 aMancera Pineda, José Ernesto9123061 aRueda H., Mario E.999188 cARTICULO1 tRevista de la Academia Colombiana de Ciencias Exactas, Fisicas y Naturales332h81q487-495d1997g21 c14293d14293